NBA Top 10 #1 Draft Picks All-Time - Statistics

General Stats
  • This quiz has been taken 1,133 times
  • The average score is 7 of 12
Answer Stats
Player % Correct
LeBron James
99%
Hakeem Olajuwon
83%
Shaquille O'Neal
78%
Magic Johnson
77%
Kareem Abdul-Jabbar
76%
Tim Duncan
73%
Allen Iverson
66%
David Robinson
58%
Patrick Ewing
50%
Oscar Robertson
34%
Elgin Baylor
26%
Bill Walton
20%
No matching quizzes found
Score Distribution
Percent of People with Each Score
Percentile by Number Answered
Your Score History
You have not taken this quiz